01827nam a2200433Ia 450000500170000000800410001702000150005804100080007310000320008124501720011325000180028530000250030349000240032850000420035250502780039465000350067265000370070765000400074465000370078465000350082170000340085670000360089074000240092674000350095074000360098574000300102174000330105174000350108474000220111974000330114174000330117474000220120726400300122933600270125933700330128633800280131904000350134708400110138220220317001733.0170328s1992 s g 000 p s  a8475173527 aspa1 aTranströmer, Tomasd1931-10aPara vivos y muertosbpoesíacTomas Tranströmer ; versiones de Roberto Mascaró, con la versión de Bálticos de francisco Uriz ; prólogo de Louise von Bergen a1a. edición a157 páginasc20 cm aPoesía Hiperión aIncluye datos biográficos del autor a17 poemas (1954) -- Secretos en el camino (1958) -- El cielo a medio hacer (1962) -- Tañidos y huellas (1966) -- Ver en la oscuridad (1970) -- Senderos (1973) -- Bálticos (1974) -- La barrera de la verdad (1978) -- La plaza salvaje (1983) -- Para vivos y muertos (1989)142LEMBaPoesía turcaySiglo XX142LEMBaLiteratura turcaySiglo XX142LEMBaSentimientos en la literatura142LEMBaEmociones en la literatura142LEMBaSoledad en la literatura aMascaró, Robertoetraductor aBergen, Louise voneprologuista a Bálticos (1974)  a El cielo a medio hacer (1962  a La barrera de la verda (1978)  a La plaza salvaje (1983)  a Para vivos y muertos (1989) a Secretos en el camino (1958)  a Senderos (1973)  a Tañidos y huellas (1966)  a Ver en la oscuridad (1970)  a17 poemas (1954)  aMadridbHiperióncc1992 atextobtxt2rdacontent asin mediaciónbn2rdamedia avolumenbnc2rdacarrier aCO-BoRNBPbspaerdacCO-BoRNBP aP TRA6